01372nam a2200253 a 450000100100000000500170001000800410002704000250006808200220009324501320011526000730024730000260032050000460034650501150039265000350050770000350054270000350057770000300061271000600064291000370070295201810073995201810092099900170110100003674520200930075918.0120127s1969 xxua 001 0 spa d aDO-SdBNPbspacBNPHU a973.0496073bN39304aThe negro in American history /cMortimer J. Adler, general editor ; Charles Van Doren, editor; George Ducas, executive editor. a[Chicago] :bEncyclopaedia britanica educational corporation,c1969. av. 3 :bil. ;c25 cm. aLa biblioteca posee los volúmenes 1 y 30 gv.1tBlack Americans, 1928-1968.-gv. 2.tA taste of freedom, 1854-1927.--gv.3tSlaves and masters, 1567-1854 4aAfroamericanosxHistoria9409712aAdler, Mortimer J.eed.96307612aVan Doren, Charleseed.96307712aDucas, Georgeeed.9630782 aEncyclopaedia Britannica Educational Corporation963079 aValidado. Control de calidad MFF 001050718MOaGRbGRcHDd2012-01-27iLF1l0ov. 1p36745-10r2020-06-25w2020-06-25y1zPerteneció a la biblioteca personal de Juan Isidro Jimenes Grullón.ZNo se presta 001050718MOaGRbGRcHDd2012-01-27iLF1l0ov. 3p36745-20r2020-06-25w2020-06-25y1zPerteneció a la biblioteca personal de Juan Isidro Jimenes Grullón.ZNo se presta c36236d36236